| 000 | 01650nam0a22003611 4500 | ||
|---|---|---|---|
| 001 | RU\NLR\A1SV\56362 | ||
| 005 | 20260225112254.1 | ||
| 035 | _a(NLR Aleph) 009738323 | ||
| 090 |
_a9934580 _c9934580 |
||
| 100 | _a20060508d1922 u y0rusy50 ca | ||
| 101 | 0 | _arus | |
| 102 | _aRU | ||
| 200 | 1 | _aРезолюции и постановления XI cъезда Российской коммунистической партии (большевиков) | |
| 210 |
_aРыбинск _cЦентр. тип. Рыбсовнархоза _d1922 |
||
| 215 |
_a59 с. _d25 см |
||
| 300 | _aБез тит. л. | ||
| 327 | 0 | _aЗаключит. слово т. Ленина на XI съезде РКП (б-в) | |
| 517 | 1 | _aРезолюции и постановления 11 cъезда Российской коммунистической партии (большевиков) | |
| 517 | 1 | _aРезолюции и постановления Одиннадцатого cъезда Российской коммунистической партии (большевиков) | |
| 517 | 9 | _aРезолюции и постановления Одиннадцатого cъезда Российской коммунистической партии (большевиков) | |
| 620 | _dРыбинск | ||
| 702 | 1 |
_aЛенин _bВ. И. _f1870-1924 _gВладимир Ильич |
|
| 710 | 0 | 2 |
_aРКП(б) _bСъезд _d11 _eМосква _f1922 |
| 801 | 0 |
_aRU _bNLR _c20060508 |
|
| 852 |
_aNLR _j63-7/1656 |
||
| 899 | _aБАН | ||
| 899 | _aРГБ | ||
| 899 | _aРКП | ||
| 942 | _cBOOK | ||
| 980 | _aNB | ||
| 980 | _aA1SV | ||
| 980 | _aA1SV | ||